Planets of the Solar System in 2005 - Statistics

General Stats
  • This quiz has been taken 41 times
  • The average score is 9 of 9
Answer Stats
Planet % Correct
Earth
100%
Jupiter
100%
Mars
100%
Saturn
100%
Uranus
100%
Pluto
97%
Venus
97%
Mercury
94%
Neptune
94%
No matching quizzes found
Score Distribution
Percent of People with Each Score
Percentile by Number Answered
Your Score History
You have not taken this quiz